[Event "It (open)"]
[Site "masterchessopen.com - Kavala (Greece)"]
[Round "0"]
[White "Vouros Georgios (GRE)"]
[Black "Kalaitzakis Zaharias (GRE)"]
[Result "0-1"]
[WhiteElo "2063"]
[BlackElo "2095"]

1.d4 c5 2.d5 e5 3.c4 d6 4.e4 g6 5.f4 Bg7 6.Nf3 Nd7 7.Nc3 a6 8.Bd3 Ne7 9.O-O
O-O 10.Qc2 Re8 11.fxe5 Nxe5 12.Nxe5 Bxe5 13.Bh6 Nf5 14.Rxf5 Bxf5 15.Qd2 Bd7
16.Bg5 Qa5 17.Rf1 b5 18.Kh1 bxc4 19.Bb1 f6 20.Be3 Rab8 21.Qe2 Qb4 22.g4 Qxb2
23.Qxb2 Rxb2 24.Bc1 Bxc3 25.Bxb2 Bxb2 {#R} 0-1

[Event "Ch Europe (juniors) (under 14) (g)"]
[Site "masterchessopen.com - Litohoto (Greece)"]
[Round "6"]
[White "Kursova Maria (RUS)"]
[Black "Bashkite Viktoria (EST)"]
[Result "1-0"]
[WhiteElo "2042"]
[BlackElo "2180"]

1.d4 c5 2.d5 e5 3.c4 d6 4.Nc3 a6 5.e4 Be7 6.Nf3 Bg4 7.Be2 Bxf3 8.Bxf3 Bg5
9.Qa4+ Nd7 10.Bxg5 Qxg5 11.Nb5 Ke7 12.Nc3 Ngf6 13.O-O h5 14.b4 Qh6 15.Rab1 Ng4
16.Ne2 g5 17.Ng3 Qg6 18.Nf5+ Kd8 19.bxc5 dxc5 20.Bxg4 hxg4 21.Rxb7 Nb6 22.Qa5
Qh7 23.Qxb6+ Ke8 24.Nd6+ {#r} 1-0

[Event "It (open)"]
[Site "masterchessopen.com - Lommel (Belgium)"]
[Round "6"]
[White "Van Beers Eddy (BEL)"]
[Black "Cluyts Marc (BEL)"]
[Result "1-0"]
[WhiteElo "2315"]
[BlackElo "1937"]

1.d4 c5 2.d5 e5 3.e4 d6 4.Nc3 Be7 5.Nf3 a6 6.h3 h6 7.a4 Bg5 8.Nxg5 hxg5 9.Be2
Nh6 10.a5 Bd7 11.Be3 f6 12.Qd2 Ke7 13.Bxg5 fxg5 14.Qxg5+ Kf7 15.Bh5+ g6
16.Qxg6+ Kf8 17.Qxd6+ Qe7 18.Qb6 Qg5 19.Qxb7 Qxh5 20.Qxa8 Kg7 21.Qa7 Rf8
22.Ra3 Ng4 23.O-O Qh4 24.Nd1 Nh6 25.Rb3 Qxe4 26.Rxb8 Rxb8 27.Qxb8 Qf4 28.Qc7
{#r} 1-0

[Event "Ch Russia (club) (1 liga)"]
[Site "masterchessopen.com - Novokuznetsk (Russia)"]
[Round "11"]
[White "Yudin A Ya (RUS)"]
[Black "Bachin Vitaly (RUS)"]
[Result "0-1"]
[WhiteElo "2078"]
[BlackElo "2311"]

1.d4 c5 2.d5 e5 3.dxe6 fxe6 4.e4 Nc6 5.Nc3 Nf6 6.Nf3 d5 7.Bg5 Be7 8.e5 Nd7
9.Bxe7 Qxe7 10.Qe2 O-O 11.O-O-O a6 12.Re1 b5 13.h4 b4 14.Nd1 c4 15.c3 a5
16.Qd2 Nc5 17.Nd4 Nxd4 18.Qxd4 Bd7 19.f4 bxc3 20.Nxc3 Na4 21.Nxa4 Bxa4 22.Re3
Rab8 23.g3 Rb4 24.Rh2 c3 25.Qd3 cxb2+ 26.Kb1 Rc8 27.Re1 Qc5 {#R} 0-1

[Event "NRW-liga 1999/00"]
[Site "masterchessopen.com - NRW (Germany)"]
[Round "2"]
[White "Goossens Etienne (BEL)"]
[Black "May Dirk"]
[Result "1-0"]
[WhiteElo "2140"]
[BlackElo "1895"]

1.d4 c5 2.d5 e5 3.e4 d6 4.Bb5+ Nd7 5.a4 a6 6.Bd3 b6 7.Ne2 g6 8.Ng3 Bg7 9.Nd2
Ne7 10.h4 h5 11.Nf3 Nf6 12.Ng5 Bg4 13.f3 Bc8 14.O-O Nh7 15.Nxh7 Rxh7 16.Bg5
Qc7 17.Qe2 Ng8 18.Rae1 Bh6 19.f4 Bg4 20.Qd2 Bg7 21.f5 gxf5 22.Nxf5 Bf8 23.Ne3
f6 24.Nxg4 fxg5 25.Qxg5 hxg4 26.Qxg8 O-O-O 27.Rxf8 {#r} 1-0

[Event "It (open) \"]
[Site "masterchessopen.com - Romania"]
[Round "0"]
[White "Balla Tamas (ROM)"]
[Black "Redo Giorgio (ITA)"]
[Result "0-1"]
[WhiteElo "2056"]
[BlackElo "2114"]

1.d4 c5 2.d5 e5 3.c4 d6 4.Nc3 f5 5.e4 Nf6 6.Bd3 fxe4 7.Nxe4 Be7 8.Qc2 Nbd7
9.Nf3 Nxe4 10.Bxe4 Nf6 11.Bd3 O-O 12.Be3 b5 13.b3 e4 14.Bxe4 Nxe4 15.Qxe4 Bf5
16.Qf4 Bd3 17.Qg4 Bf6 18.Rd1 Qa5+ 19.Nd2 bxc4 20.bxc4 Rae8 21.h4 Re4 22.Qd7
Rxe3+ 23.fxe3 Bxh4+ {#R} 0-1

[Event "It (open) \"]
[Site "masterchessopen.com - Romania"]
[Round "0"]
[White "Popa Valentin (ROM)"]
[Black "Ungureanu Emil (ROM)"]
[Result "0-1"]
[WhiteElo "2237"]
[BlackElo "2325"]

1.d4 c5 2.d5 e5 3.c4 d6 4.e4 Be7 5.Bd3 Bg5 6.Ne2 Bxc1 7.Qxc1 Nd7 8.Nbc3 a6
9.O-O Ngf6 10.Ng3 g6 11.a3 h5 12.b4 h4 13.Nge2 Nh5 14.Na4 b6 15.f4 exf4
16.Nxf4 Ne5 17.Be2 Bd7 18.Nb2 Ng3 19.Re1 Nxe2+ 20.Rxe2 Qg5 21.Nbd3 h3 22.g3
Bg4 23.Rf2 O-O 24.Qc3 Rae8 25.Ne1 Qe7 26.Nc2 g5 27.Ne2 Nd7 28.Ne3 Qxe4 {#R}
0-1

[Event "It (open) \"]
[Site "masterchessopen.com - Romania"]
[Round "0"]
[White "Redo Giorgio (ITA)"]
[Black "Ungureanu Emil (ROM)"]
[Result "0-1"]
[WhiteElo "2114"]
[BlackElo "2325"]

1.d4 c5 2.d5 e5 3.e4 d6 4.f4 exf4 5.Bxf4 Ne7 6.Bb5+ Bd7 7.Bxd7+ Qxd7 8.Nf3 Ng6
9.Bg3 Be7 10.O-O Bf6 11.Nbd2 Be7 12.e5 dxe5 13.Nxe5 Qxd5 14.Nxg6 hxg6 15.Bxb8
Rxb8 16.Qe2 Kf8 17.Nf3 Bf6 18.Rad1 Qc6 19.Ne5 Re8 20.Qc4 Rxe5 21.Rd8+ Re8
22.Rd5 Rh4 {#R} 0-1

[Event "Ch Paulista"]
[Site "masterchessopen.com - Sao Paulo (Brazil)"]
[Round "5"]
[White "Maia Luciano (BRA)"]
[Black "Ramon Vivian (CUB)"]
[Result "0-1"]
[WhiteElo "2181"]
[BlackElo "2278"]

1.d4 c5 2.d5 e5 3.e4 d6 4.Nc3 g6 5.Be2 Bg7 6.Nf3 Ne7 7.O-O O-O 8.Nd2 f5 9.Nc4
f4 10.a4 Na6 11.Nb5 Rf6 12.Bd2 Qd7 13.Bc3 g5 14.h3 Ng6 15.Bg4 Qe7 16.Bxc8 Rxc8
17.Qg4 Ra8 18.Qxg5 f3 19.g3 Nf4 20.Qg4 Rg6 21.Qxf3 Nxh3+ 22.Kg2 Rf8 23.Qd1 Qh4
24.Qe1 Nf4+ {#R} 0-1

[Event "Ch Asia (team) (w)"]
[Site "masterchessopen.com - Shenyang (China)"]
[Round "1"]
[White "Wang Lei (CHN)"]
[Black "Zhao Xue (CHN)"]
[Result "1-0"]
[WhiteElo "2440"]
[BlackElo "2374"]

1.d4 c5 2.d5 e5 3.e4 d6 4.Nc3 Ne7 5.Nf3 Bg4 6.Be2 Ng6 7.Nd2 Bxe2 8.Qxe2 Be7
9.Nc4 Nd7 10.g3 O-O 11.h4 f5 12.exf5 Rxf5 13.Ne4 Nb6 14.Ne3 Rf7 15.Bd2 a5
16.O-O-O Qe8 17.a3 c4 18.Qg4 Kh8 19.h5 Nf8 20.h6 g6 21.f4 Nfd7 22.fxe5 Nxe5
23.Bc3 Bf8 24.Qe6 Rf6 25.Bxe5 dxe5 {#r} 1-0

[Event "Ch St. Petersburg (w)"]
[Site "masterchessopen.com - St. Petersburg (Russia)"]
[Round "7"]
[White "Sakaeva N (RUS)"]
[Black "Furina Svetlana (RUS)"]
[Result "0-1"]
[WhiteElo "2015"]
[BlackElo "2175"]

1.d4 c5 2.d5 e5 3.e4 d6 4.Nc3 Nf6 5.Be2 g6 6.Nf3 Bg7 7.Nd2 O-O 8.O-O Ne8 9.Nc4
f5 10.a4 Nd7 11.f4 Qe7 12.fxe5 Nxe5 13.exf5 Bxf5 14.Ne3 Bd7 15.Rxf8+ Qxf8
16.Bb5 Qe7 17.Bxd7 Nxd7 18.Ne2 Nef6 19.Nf4 Re8 20.Ra3 Qe4 21.Nf1 Re5 22.Qd3
Nb6 23.Qb5 Nfxd5 24.Nxd5 Rxd5 25.a5 c4 26.Qb4 Rd1 27.Rf3 Bd4+ 28.Kh1 Qe2 {#R}
0-1

[Event "It (open) (b)"]
[Site "masterchessopen.com - Swidnica (Poland)"]
[Round "8"]
[White "Szczesniak Konrad (POL)"]
[Black "Pakleza Zbigniew (POL)"]
[Result "1-0"]
[WhiteElo "2185"]
[BlackElo "2064"]

1.d4 c5 2.d5 e5 3.c4 d6 4.Nc3 Be7 5.e3 Nf6 6.Bd3 O-O 7.Nge2 Ne8 8.f4 Nd7 9.Qc2
g6 10.f5 Ndf6 11.Ng3 Ng7 12.Bd2 Bd7 13.O-O-O Qc8 14.Rdf1 a6 15.h4 b5 16.Nce4
Nxe4 17.Bxe4 gxf5 18.Nxf5 Nxf5 19.Bxf5 Bxf5 20.Rxf5 bxc4 21.e4 Ra7 22.Bh6 Rd8
23.Rh3 Kh8 24.Qf2 Bf8 25.Bg5 Rdd7 26.Bf6+ Bg7 27.Rg5 {#r} 1-0

[Event "It (open)"]
[Site "masterchessopen.com - Voronezh (Russia)"]
[Round "5"]
[White "Rubtsov E (RUS)"]
[Black "Blatov Igor (RUS)"]
[Result "0-1"]
[WhiteElo "2315"]
[BlackElo "2287"]

1.d4 c5 2.d5 e5 3.c4 d6 4.e4 Be7 5.Nc3 Bg5 6.Nf3 Bxc1 7.Rxc1 Ne7 8.g3 O-O
9.Bg2 Bg4 10.h3 Bxf3 11.Qxf3 Nd7 12.O-O f5 13.exf5 Nxf5 14.Qd3 Nd4 15.Ne4 Qe7
16.a3 a5 17.Rb1 a4 18.Rbe1 Ra6 19.f4 Rb6 20.Ng5 Nf6 21.fxe5 dxe5 22.d6 Rxd6
23.Bd5+ Kh8 24.Rxe5 Qc7 25.Re8 Rxe8 26.Nf7+ Qxf7 {#R} 0-1

[Event "It (open)"]
[Site "masterchessopen.com - Wuerttemberg (Germany)"]
[Round "2"]
[White "Laengl Juergen (GER)"]
[Black "Zeller Frank (GER)"]
[Result "0-1"]
[WhiteElo "2248"]
[BlackElo "2452"]

1.d4 c5 2.d5 e5 3.e4 d6 4.f4 exf4 5.Nf3 g5 6.h4 g4 7.Ng1 Bh6 8.Bb5+ Bd7 9.Be2
Nf6 10.g3 Qe7 11.Qd3 Na6 12.c3 Nxe4 13.Bxf4 Bxf4 14.gxf4 O-O-O 15.Nd2 Nxd2
16.Kxd2 Rde8 17.Rf1 Rhg8 18.Bd1 g3 {#R} 0-1

[Event "It (sheveningen)"]
[Site "masterchessopen.com - Budapest (Hungary)"]
[Round "0"]
[White "Feller Joseph (LUX)"]
[Black "Hugyecz Andras (HUN)"]
[Result "1-0"]
[WhiteElo "2202"]
[BlackElo "2138"]

1.d4 c5 2.d5 e5 3.e4 d6 4.Nc3 g6 5.f4 Bg7 6.Nf3 Bg4 7.Bb5+ Nd7 8.O-O Ne7
9.fxe5 Bxe5 10.Bxd7+ Qxd7 11.Nxe5 dxe5 12.Qe1 f5 13.exf5 O-O-O 14.Bg5 Bxf5
15.Qxe5 Rhe8 16.Bf4 Nc6 17.dxc6 Rxe5 18.cxd7+ {#r} 1-0

[Event "It (open) \"]
[Site "masterchessopen.com - Athens (Greece)"]
[Round "0"]
[White "Koerant Filipos (GRE)"]
[Black "Shahtahtinsky Alekper (GRE)"]
[Result "0-1"]
[WhiteElo "2147"]
[BlackElo "2355"]

1.d4 c5 2.d5 e5 3.e4 d6 4.Nf3 g6 5.Bb5+ Nd7 6.Nfd2 a6 7.Bxd7+ Bxd7 8.a4 b5
9.axb5 axb5 10.Rxa8 Qxa8 11.c4 b4 12.O-O Bg7 13.g3 Ne7 14.Qe2 O-O 15.b3 Bh3
16.Rd1 f5 17.f3 Bh6 18.Nf1 Bxc1 19.Rxc1 fxe4 20.fxe4 Qa1 21.Qd2 Rxf1+ {#R} 0-1

[Event "It (open) \"]
[Site "masterchessopen.com - Crailsheim (Germany)"]
[Date "1999.05.23"]
[Round "4"]
[White "Ivanov Mikhail M (RUS)"]
[Black "Hasecic Sabahudin (BIH)"]
[Result "1-0"]
[WhiteElo "2510"]
[BlackElo "2271"]

1.d4 c5 2.d5 e5 3.e4 d6 4.Nf3 g6 5.Nc3 Bg7 6.Nd2 Nf6 7.Be2 O-O 8.O-O Na6 9.a4
Nc7 10.Nc4 Qe7 11.f4 Nd7 12.f5 Ne8 13.Bg4 Ndf6 14.Bh3 Kh8 15.Be3 Ng8 16.Qd2
Bf6 17.Rf3 Kg7 18.Raf1 Nc7 19.Bxc5 dxc5 20.d6 Qd8 21.dxc7 Qxc7 22.Nd5 Qc6
23.Qc3 Qxa4 24.fxg6 fxg6 25.Bxc8 Raxc8 26.Nxf6 {#r} 1-0

[Event "It (open)"]
[Site "masterchessopen.com - Augsburg (Germany)"]
[Round "7"]
[White "Krause Ullrich (GER)"]
[Black "Rolle Eric (GER)"]
[Result "1-0"]
[WhiteElo "2263"]
[BlackElo "2130"]

1.d4 c5 2.d5 e5 3.e4 d6 4.Nf3 a6 5.a4 Be7 6.h3 Nf6 7.Nc3 O-O 8.Be2 Ne8 9.O-O
f5 10.exf5 Bxf5 11.Bd3 Nd7 12.Bxf5 Rxf5 13.Qe2 Nf8 14.Ne4 Ng6 15.a5 Nf4
16.Bxf4 Rxf4 17.Nfd2 Qd7 18.c4 g6 19.g3 Rf7 20.f4 Qf5 21.Kg2 Nf6 22.Nxf6+ Bxf6
23.Ne4 Be7 24.b4 cxb4 25.Rfb1 b6 26.axb6 exf4 27.gxf4 {#r} 1-0

[Event "It (open)"]
[Site "masterchessopen.com - Bad Woerishofen (Germany)"]
[Round "6"]
[White "Erenska-Barlo Hanna (POL)"]
[Black "Senff Martin (GER)"]
[Result "1-0"]
[WhiteElo "2243"]
[BlackElo "2354"]

1.d4 c5 2.d5 e5 3.e4 d6 4.Nc3 Be7 5.g3 Nf6 6.Bg2 O-O 7.Nge2 Ne8 8.O-O g6 9.Bh6
Ng7 10.Qd2 f5 11.exf5 gxf5 12.f4 e4 13.Rae1 Qe8 14.g4 Qg6 15.Bg5 Re8 16.Ng3 h6
17.Bxe7 Rxe7 18.gxf5 Nxf5 19.Bxe4 Rf7 20.Rf2 Qg7 21.Rg2 {#r} 1-0

[Event "It (open)"]
[Site "masterchessopen.com - Biel (Switzerland)"]
[Round "3"]
[White "Kuemin Simon (SUI)"]
[Black "Guenther Thomas (GER)"]
[Result "1-0"]
[WhiteElo "2259"]
[BlackElo "2138"]

1.d4 c5 2.d5 e5 3.e4 d6 4.Nc3 Be7 5.Nf3 Nf6 6.Be2 O-O 7.O-O Ne8 8.a4 Na6 9.Nd2
Nac7 10.Bg4 Bg5 11.Ra3 b6 12.Bxc8 Rxc8 13.Nb5 Ra8 14.Qg4 h6 15.h4 Bf6 16.Nc4
Kh8 17.Ne3 Nxb5 18.axb5 Bxh4 19.Nf5 Bg5 20.Bxg5 hxg5 21.Qh5+ Kg8 22.Rh3 f6
23.Qg6 Qd7 24.Nh6+ {#r} 1-0

[Event "It (cat.8)"]
[Site "masterchessopen.com - Budapest (Hungary)"]
[Round "4"]
[White "Galyas Miklos (HUN)"]
[Black "Kosanovic Goran A (SRB)"]
[Result "1-0"]
[WhiteElo "2420"]
[BlackElo "2464"]

1.d4 c5 2.d5 e5 3.e4 d6 4.Nc3 Be7 5.Nf3 a6 6.a4 Bg4 7.Be2 Bxf3 8.Bxf3 Bg5
9.Bxg5 Qxg5 10.O-O h5 11.a5 Nd7 12.Na4 Ngf6 13.b4 cxb4 14.Rb1 Nc5 15.Nxc5 dxc5
16.c3 O-O 17.cxb4 Rfc8 18.bxc5 Rxc5 19.Rxb7 Rxa5 20.Qb3 Rc5 21.d6 Rf8 22.Qa3
Rc6 23.d7 Rd8 24.Qe7 Nh7 25.Qe8+ Nf8 26.Rb8 {#r} 1-0

[Event "It (open)"]
[Site "masterchessopen.com - Cartagena (Colombia)"]
[Round "3"]
[White "Araque Rafael (COL)"]
[Black "Barros Raul (COL)"]
[Result "1-0"]
[WhiteElo "2327"]
[BlackElo "2088"]

1.d4 c5 2.d5 e5 3.e4 d6 4.f4 exf4 5.Bxf4 Ne7 6.Bb5+ Bd7 7.Bxd7+ Qxd7 8.Nc3 Ng6
9.Bg3 Be7 10.Nf3 Bf6 11.a4 a6 12.O-O O-O 13.Qd3 Qe7 14.e5 Nxe5 15.Nxe5 Bxe5
16.Bxe5 Qxe5 17.Rae1 Qg5 18.Ne4 Qg6 19.Qh3 f5 20.Ng3 f4 21.Nh5 Qf7 22.Nxf4 Qf5
23.Ne6 {#r} 1-0

[Event "It (open) \"]
[Site "masterchessopen.com - Eforie Nord (Romania)"]
[Round "0"]
[White "Cojocaru Adrian"]
[Black "Duminica Mariana (ROM)"]
[Result "1-0"]
[WhiteElo "1750"]
[BlackElo "2084"]

1.d4 c5 2.d5 e5 3.e4 d6 4.Nc3 Be7 5.Be2 Bg5 6.Nf3 Bxc1 7.Rxc1 a6 8.a4 Nd7
9.Nd2 Ndf6 10.Nc4 b6 11.O-O Ne7 12.Rb1 Rb8 13.b4 b5 14.axb5 axb5 15.bxc5 dxc5
16.Nxe5 b4 17.d6 {#r} 1-0

[Event "It (open)"]
[Site "masterchessopen.com - Gent (Belgium)"]
[Round "0"]
[White "Van Beers Eddy (BEL)"]
[Black "Vermaat M"]
[Result "1-0"]
[WhiteElo "2346"]
[BlackElo "2105"]

1.d4 c5 2.d5 e5 3.e4 d6 4.Nc3 a6 5.h3 b5 6.a4 b4 7.Nb1 f5 8.exf5 Bxf5 9.Ne2
Qh4 10.Ng3 g6 11.Nd2 Bh6 12.Nc4 Qf6 13.Bd3 Bxd3 14.Qxd3 Bxc1 15.Rxc1 Ne7
16.Ne4 Qf4 17.Ncxd6+ Kf8 18.O-O Nd7 19.g3 c4 20.Qe2 {#r} 1-0

[Event "Bundesliga (2nd) 1999/00"]
[Site "masterchessopen.com - Germany"]
[Round "0"]
[White "Henrich Thomas (GER)"]
[Black "Loifenfeld Jakov (RUS)"]
[Result "1-0"]
[WhiteElo "2159"]
[BlackElo "2394"]

1.d4 c5 2.d5 e5 3.e4 d6 4.Nc3 Be7 5.Nf3 Bg4 6.a4 a6 7.b3 Nd7 8.h3 Bxf3 9.Qxf3
Bg5 10.Bb2 Ne7 11.h4 Bh6 12.g4 Bf4 13.Ne2 O-O 14.Nxf4 exf4 15.Qxf4 Ng6 16.Qxd6
Qa5+ 17.Kd1 Rad8 18.Qg3 Nf6 19.Bc3 Qb6 20.a5 Qc6 21.Kc1 Qc8 22.f3 Rfe8 23.h5
Ne7 24.Bc4 h6 25.g5 {#r} 1-0

[Event "Ch Hungary (team) 2000/01 (3 liga)"]
[Site "masterchessopen.com - Hungary"]
[Round "1"]
[White "Lovass Imre (HUN)"]
[Black "Szigetvari Jozsef (HUN)"]
[Result "1-0"]
[WhiteElo "2227"]
[BlackElo "2188"]

1.d4 c5 2.d5 e5 3.e4 d6 4.Nc3 f5 5.f4 Nf6 6.fxe5 dxe5 7.Bb5+ Bd7 8.exf5 a6
9.Bxd7+ Qxd7 10.Nf3 Bd6 11.O-O b5 12.Ng5 O-O 13.Nce4 h6 14.Nxf6+ Rxf6 15.Ne4
Rf7 16.Qg4 Kh8 17.Qg6 Bf8 18.Rf3 Qxd5 19.Ng5 Qd1+ 20.Kf2 Qd4+ 21.Be3 Qh4+
22.Kg1 {#r} 1-0

[Event "Olympiad"]
[Site "masterchessopen.com - Istanbul (Turkey)"]
[Round "13"]
[White "Danner Georg (AUT)"]
[Black "Sarsam S A (IRQ)"]
[Result "1-0"]
[WhiteElo "2437"]
[BlackElo "2423"]

1.d4 c5 2.d5 e5 3.e4 d6 4.c4 Be7 5.Nf3 Bg4 6.Nbd2 Nf6 7.a3 O-O 8.b4 Nbd7 9.h3
Bxf3 10.Qxf3 h6 11.h4 Nh7 12.Qh3 cxb4 13.axb4 h5 14.Be2 Nhf6 15.Rg1 g6 16.g4
Nxg4 17.Bxg4 hxg4 18.Qxg4 Nf6 19.Qe2 Kh7 20.Nf3 Nh5 21.Qe3 Nf4 22.c5 f6 23.Nd4
exd4 24.Qxf4 g5 25.Qf5+ Kg7 26.hxg5 fxg5 27.Bxg5 {#r} 1-0

[Event "Tournament"]
[Site "masterchessopen.com - Italy"]
[Round "3"]
[White "Lain Luigi (ITA)"]
[Black "Amato A"]
[Result "1-0"]
[WhiteElo "2234"]
[BlackElo "1685"]

1.d4 c5 2.d5 e5 3.c4 d6 4.Nc3 g6 5.e4 Bg7 6.Bd3 Ne7 7.Nge2 O-O 8.Be3 a6 9.Qd2
f5 10.exf5 gxf5 11.f3 Ng6 12.O-O-O Bd7 13.Rdg1 Qe8 14.g4 Nh4 15.gxf5 Nxf5
16.Bh6 Qh5 17.Bxf5 Rxf5 18.Rxg7+ Kh8 19.Ng3 {#r} 1-0

[Event "It (open)"]
[Site "masterchessopen.com - Leverkusen (Germany)"]
[Round "2"]
[White "Rotstein Efim (GER)"]
[Black "Raabe Martin"]
[Result "1-0"]
[WhiteElo "2336"]
[BlackElo "1725"]

1.d4 c5 2.d5 e5 3.e4 d6 4.Nc3 Be7 5.f4 Nd7 6.Nf3 Ngf6 7.fxe5 Nxe5 8.Bb5+ Bd7
9.Nxe5 dxe5 10.Bxd7+ Qxd7 11.h4 O-O 12.O-O c4 13.Qe2 Rac8 14.Be3 Bc5 15.Rf5
Nxe4 16.Rxe5 Nxc3 17.bxc3 Rfe8 18.Bxc5 Rxe5 19.Qxe5 Rxc5 20.Rd1 Rc8 21.d6 Rc6
22.Qe7 {#r} 1-0

[Event "Ch Spain (juniors) (under 20)"]
[Site "masterchessopen.com - Mondariz (Spain)"]
[Round "2"]
[White "Serrano Salvador Eduardo (ESP)"]
[Black "Fluvia Frigola Joan (ESP)"]
[Result "1-0"]
[WhiteElo "2119"]
[BlackElo "2184"]

1.d4 c5 2.d5 e5 3.c4 d6 4.Nc3 Be7 5.Nf3 f5 6.e4 Nf6 7.Bd3 f4 8.g3 fxg3 9.hxg3
Bg4 10.Be2 Nfd7 11.Nh4 Bxe2 12.Qxe2 Bxh4 13.Rxh4 Nf8 14.Qh5+ Ng6 15.Qxg6+ {#r}
1-0

[Event "It"]
[Site "masterchessopen.com - Porto (Portugal)"]
[Round "6"]
[White "Botelho Adelino (POR)"]
[Black "Cleto Fernando (POR)"]
[Result "0-1"]
[WhiteElo "1671"]
[BlackElo "2132"]

1.d4 c5 2.d5 e5 3.e4 d6 4.Bb5+ Nd7 5.Nf3 a6 6.Bxd7+ Bxd7 7.Be3 Be7 8.Nc3 Rc8
9.O-O f5 10.exf5 Bxf5 11.Nd2 Nf6 12.f3 O-O 13.Nde4 Qb6 14.Qd2 Nxe4 15.fxe4 Bg6
16.b3 Qb4 17.a3 Rxf1+ 18.Rxf1 Qxa3 19.Bg5 Bf8 20.Qe2 Qb4 21.Qf3 c4 22.Qg4 Rc7
23.Ne2 cxb3 24.cxb3 Qxe4 {#R} 0-1

[Event "It (open)"]
[Site "masterchessopen.com - Recklinghausen (Germany)"]
[Round "1"]
[White "Banik Thorsten (GER)"]
[Black "Siepmann Martin (GER)"]
[Result "1-0"]
[WhiteElo "2128"]
[BlackElo "2175"]

1.d4 c5 2.d5 e5 3.e4 d6 4.Nf3 g6 5.Nc3 Bg7 6.Bg5 Ne7 7.Qd2 O-O 8.Bh6 a6 9.h4
f5 10.h5 Qe8 11.Bxg7 Kxg7 12.hxg6 Qxg6 13.Nh4 Qf6 14.exf5 Bxf5 15.Nxf5+ Nxf5
16.Bd3 Nh4 17.O-O-O Kh8 18.Ne4 Qe7 19.Ng5 Rxf2 20.Qxf2 Qxg5+ 21.Kb1 Ng6
22.Rxh7+ {#r} 1-0

[Event "It (open)"]
[Site "masterchessopen.com - Riazor (Spain)"]
[Round "5"]
[White "Del Rey Diego (ESP)"]
[Black "Borovik Irina (RUS)"]
[Result "1-0"]
[WhiteElo "2382"]
[BlackElo "2175"]

1.d4 c5 2.d5 e5 3.e4 d6 4.Bb5+ Bd7 5.a4 Be7 6.Nf3 Nf6 7.Nc3 h5 8.O-O g6 9.Nd2
Kf8 10.Bd3 Kg7 11.Nc4 h4 12.f4 Bg4 13.Qe1 exf4 14.Bxf4 Nh5 15.Qf2 Bf6 16.Bxd6
Bd4 17.Be5+ {#r} 1-0

[Event "It (b)"]
[Site "masterchessopen.com - Salou (Spain)"]
[Round "5"]
[White "Plachkinova Tatjana G (BUL)"]
[Black "Fernandez Fuentes Fco J (ESP)"]
[Result "1-0"]
[WhiteElo "2171"]
[BlackElo "2101"]

1.d4 c5 2.d5 e5 3.e4 d6 4.c4 Be7 5.Nc3 Bg5 6.g3 Bxc1 7.Rxc1 Ne7 8.Bg2 O-O
9.Nge2 a6 10.O-O Nd7 11.f4 Rb8 12.Qd3 exf4 13.gxf4 Ng6 14.Rce1 Re8 15.Ng3 b5
16.cxb5 axb5 17.Nf5 Qb6 18.Qxb5 Qxb5 19.Nxb5 Rxb5 20.Nxd6 Ba6 21.Nxe8 Rb8
22.Rf2 Rxe8 23.e5 Nb6 24.d6 Bb5 25.b3 Bd7 26.a4 Rb8 27.f5 Nf8 28.a5 {#r} 1-0

[Event "It (open)"]
[Site "masterchessopen.com - San Sebastian (Spain)"]
[Round "3"]
[White "Dias Paulo (POR)"]
[Black "Argandona Rivero Inigo (ESP)"]
[Result "0-1"]
[WhiteElo "2302"]
[BlackElo "2251"]

1.d4 c5 2.d5 e5 3.c4 d6 4.e4 g6 5.Bd3 Bg7 6.Nc3 Ne7 7.h4 f5 8.exf5 Nxf5 9.Bg5
Qa5 10.h5 h6 11.Bd2 g5 12.Qg4 Rf8 13.Bxg5 hxg5 14.h6 Bh8 15.Kf1 Ne3+ {#R} 0-1

[Event "Ch Lithuania"]
[Site "masterchessopen.com - Vilnius (Lithuania)"]
[Round "3"]
[White "Survila Rimvydas (LTU)"]
[Black "Chocenka Dmitrijus (LTU)"]
[Result "1-0"]
[WhiteElo "2238"]
[BlackElo "2284"]

1.d4 c5 2.d5 e5 3.e4 d6 4.Nc3 g6 5.Nf3 Bg7 6.Be2 Nf6 7.O-O O-O 8.Nd2 Ne8 9.Nc4
f5 10.f4 fxe4 11.fxe5 Rxf1+ 12.Bxf1 dxe5 13.Nxe4 b5 14.Bg5 Qc7 15.Ne3 Bd7
16.a4 bxa4 17.d6 Qc6 18.Bc4+ {#r} 1-0

[Event "Ch Armenia"]
[Site "masterchessopen.com - Yerevan (Armenia)"]
[Round "5"]
[White "Sargissian Gabriel (ARM)"]
[Black "Nalbandian Tigran (ARM)"]
[Result "1-0"]
[WhiteElo "2474"]
[BlackElo "2465"]

1.d4 c5 2.d5 e5 3.e4 d6 4.Nf3 Nf6 5.Nc3 g6 6.Be2 Bg7 7.O-O Nh5 8.g3 O-O 9.Nd2
Bh3 10.Bxh5 gxh5 11.Qxh5 Bxf1 12.Nxf1 Qf6 13.Ne3 Qg6 14.Qf3 Re8 15.Nf5 h5
16.Nb5 Bf8 17.Nc7 Nd7 18.Nxa8 Rxa8 19.h3 Re8 20.Be3 Be7 21.Kh2 Nf6 22.Rg1 Kf8
23.Bh6+ Kg8 24.Kg2 Kh7 25.Kf1 a6 26.g4 hxg4 27.hxg4 Kg8 28.g5 {#r} 1-0

[Event "It (open)"]
[Site "masterchessopen.com - Bad Woerishofen (Germany)"]
[Round "7"]
[White "Khurtsidze Nino (GEO)"]
[Black "Oberhofer Max (GER)"]
[Result "1-0"]
[WhiteElo "2425"]
[BlackElo "2223"]

1.d4 c5 2.d5 e5 3.e4 d6 4.Nc3 Ne7 5.Nf3 Bg4 6.Be2 Ng6 7.Nd2 Bxe2 8.Qxe2 a6
9.a4 Nd7 10.a5 Be7 11.O-O O-O 12.Nc4 Qc7 13.g3 f5 14.exf5 Rxf5 15.Ne4 Raf8
16.h4 Bxh4 17.Ncxd6 Rf3 18.gxh4 Nxh4 19.Bg5 Ng6 20.Ra3 Rxa3 21.bxa3 h6 22.Qh5
Kh7 23.Rb1 Qxa5 24.Rxb7 Qe1+ 25.Kg2 Nf4+ 26.Bxf4 exf4 27.Rxd7 f3+ 28.Kh2 {#r}
1-0

[Event "It (open)"]
[Site "masterchessopen.com - Bad Woerishofen (Germany)"]
[Round "3"]
[White "Schmidt Thomas (GER)"]
[Black "Pruesse Horst (GER)"]
[Result "0-1"]
[WhiteElo "2018"]
[BlackElo "2080"]

1.d4 c5 2.d5 e5 3.e4 d6 4.c4 g6 5.Nc3 Bg7 6.f4 exf4 7.Bxf4 a6 8.Nf3 Nf6 9.Bd3
Nh5 10.Bd2 Bg4 11.O-O Nd7 12.Qc2 Bxf3 13.Rxf3 Ne5 14.Rf2 Ng4 15.Rf3 Bd4+
16.Kh1 Qh4 {#R} 0-1